Нормален изглед
MARC изглед
- Димова, Зорница
Вход 01. Лично име
001 - Контролен номер на записа
- Контролно поле: 268519
003 - Код на организацията, даваща контролен номер
- Контролно поле: BLK
005 - Дата и час на последна промяна на записа
- Контролно поле: 20180420220041.0
008 - Данни с фиксирана дължина – обща информация
- Данни с фиксирана дължина : 180420|| aca||aabn | a|a d
100 ## - ИМЕ НА ЛИЦЕ -ПЪРВИЧНА ИНТЕЛЕКТУАЛНА ОТГОВОРНОСТ
- Лично име: Димова, Зорница
- Ключова дума за отношение: прев. от англ.
942 ## - Системна служебна употреба
- Koha auth type: PERSO_NAME